| 000 | 01498nam a2200253Ia 4500 | ||
|---|---|---|---|
| 999 |
_c49368 _d49368 |
||
| 001 | 16285 | ||
| 003 | GE_BSU | ||
| 005 | 20211221133531.0 | ||
| 008 | 181216s2011||||ge |||||||||||||| ||geo|| | ||
| 020 | _a9789941103506 | ||
| 040 | _cGE_BSU | ||
| 041 | _ageo | ||
| 080 | _a343.237 მ-98 | ||
| 100 |
_aმჭედლიშვილი-ჰედრიხი, ქეთევან _913324 |
||
| 245 |
_aსისხლის სამართალი : ზოგადი ნაწილი : _b[2 წიგნად]. წ. 2, დანაშაულის გამოვლინების ცალკეული ფორმები : ( დანაშაულის მომზადება და მცდელობა. თანამონაწილეობა დანაშაულში. უმოქმედობა. კონკურენცია) / _c ქეთევან მჭედლიშვილი-ჰედრიხი. |
||
| 264 |
_aთბილისი : _bმერიდიანი, _c2011. |
||
| 300 |
_a412 გვ.; _b21 სმ. |
||
| 501 | _aსაძიებელი: გვ. 407-411. | ||
| 504 | _aბიბლიოგრაფია ტექსტის შენიშვნებში და გვ. 397-406. | ||
| 653 | _aსისხლის სამართალი | ||
| 653 | _aდანაშაული | ||
| 653 | _aთანამონაწილება დანაშაულში | ||
| 942 |
_cBK _2udc |
||